Online Catalogue and eLibrary

Contacts and conflicts with Sri Lanka / (Record no. 621)

MARC details
000 -LEADER
fixed length control field 00454cam a2200169 a 4500
001 - CONTROL NUMBER
control field 4798666
005 - DATE AND TIME OF LATEST TRANSACTION
control field 20240328010434.0
008 - FIXED-LENGTH DATA ELEMENTS--GENERAL INFORMATION
fixed length control field 870828s1986 ce b 000 0 eng
040 ## - CATALOGING SOURCE (பட்டியலாக்க மூலம்)
Original cataloging agency DLC
Transcribing agency DLC
Modifying agency DLC
082 00 - DDC Classification
Class No. 327.
DDC Edition Number 20
Item Number - Author Mark CON.
100 1# - MAIN ENTRY--PERSONAL NAME
Personal name Wijesekera, Nandadeva,
245 10 - TITLE STATEMENT
Title Contacts and conflicts with Sri Lanka /
Statement of responsibility, etc. Nandadeva Wijesekera.
250 ## - EDITION STATEMENT
Edition statement 1st ed.
260 ## - PUBLICATION, DISTRIBUTION, ETC.
Place of publication, distribution, etc. Colombo. :
Name of publisher, distributor, etc. N. Wijesekera,
Date of publication, distribution, etc. 1986.
300 ## - PHYSICAL DESCRIPTION
Extent (e.g. Volumes, Pages etc.) xv, 106 p. ;
942 ## - Koha item type (Biblio)
Koha item type Books in Stacks (Lending)
Holdings
Lost status Damaged status Collection code Home library Current library Date acquired Full call number Accession Number Item type
    Lending WERC Library WERC Library 03/28/2024 327. CON. 5197 Books in Stacks (Lending)

© WERC Library